[Event "Rubinstein Memorial-B 55th"]
[Site "Polanica Zdroj"]
[Date "2019.08.18"]
[Round "2"]
[White "Janocha, Wieslaw Adam"]
[Black "Filar, Slawomir"]
[Result "1-0"]
[WhiteElo "2264"]
[BlackElo "1809"]
[PlyCount "99"]
[EventDate "2019.08.17"]
[EventType "swiss"]
[EventRounds "9"]
[EventCountry "POL"]
[SourceTitle "EXT 2020"]
[Source "ChessBase"]
[SourceDate "2019.10.17"]
[SourceVersion "1"]
[SourceVersionDate "2019.10.17"]
[SourceQuality "1"]

1. e4 c6 2. Nc3 d5 3. d4 dxe4 4. Nxe4 Bf5 5. Ng3 Bg6 6. Nf3 Nd7 7. h4 h6 8. h5 Bh7 9. Bd3 Bxd3 10. Qxd3 e6 11. Bf4 Qa5+ 12. Bd2 Qc7 13. 0-0-0 0-0-0 14. Ne4 Ngf6 15. g3 Nxe4 16. Qxe4 Nf6 17. Qe2 c5 18. dxc5 Bxc5 19. Rh4 Kb8 20. Bf4 Bd6 21. Rxd6 Rxd6 22. Ne5 Nd5 23. Nxf7 Nxf4 24. Rxf4 Re8 25. Nxd6 Qxd6 26. Rf7 Re7 27. Rf8+ Kc7 28. Qc4+ Qc6 29. Qxc6+ Kxc6 30. Kd2 Kd5 31. Ke3 Rd7 32. f4 Kd6 33. Re8 Rc7 34. c3 Kd7 35. Rg8 Kd6 36. Kd4 Rd7 37. Ke4 Rf7 38. Rd8+ Ke7 39. Ra8 a6 40. g4 Kf6 41. Rc8 Rd7 42. Rc5 Ke7 43. Ke5 Kf7 44. a4 Ke7 45. a5 Kf7 46. b4 Ke7 47. c4 Kf7 48. b5 axb5 49. cxb5 Ke7 50. b6 1-0

[Event "SM-2018-0-00401"]
[Site "LSS email"]
[Date "2018.12.15"]
[Round "?"]
[White "Grego, Luis Jose Gonzaga"]
[Black "Filar, Slawomir"]
[Result "1/2-1/2"]
[WhiteElo "2246"]
[BlackElo "2197"]
[PlyCount "41"]
[EventDate "2018.07.19"]
[EventType "tourn (corr)"]
[EventRounds "6"]
[EventCountry "GER"]
[SourceTitle "Corr 2022"]
[Source "ChessBase"]
[SourceDate "2021.10.24"]
[SourceVersion "1"]
[SourceVersionDate "2021.10.24"]
[SourceQuality "1"]

1. d4 Nf6 2. c4 e6 3. Nf3 d5 4. Nc3 c6 5. e3 Nbd7 6. b3 Bb4 7. Bd2 Qe7 8. Be2 0-0 9. 0-0 b6 10. Ne5 Bb7 11. Qe1 Bd6 12. f4 Rad8 13. Rd1 c5 14. Qg3 dxc4 15. Bf3 Bxf3 16. Qxf3 Bxe5 17. dxe5 Nd5 18. Nxd5 exd5 19. Qxd5 cxb3 20. axb3 Nb8 21. Qe4 1/2-1/2

[Event "RA-2018-0-00606"]
[Site "LSS email"]
[Date "2018.11.23"]
[Round "?"]
[White "Misericordia, Antonio"]
[Black "Filar, Slawomir"]
[Result "1/2-1/2"]
[WhiteElo "2380"]
[BlackElo "2197"]
[PlyCount "105"]
[EventDate "2018.10.21"]
[EventType "tourn (corr)"]
[EventRounds "6"]
[EventCountry "GER"]
[SourceTitle "Corr 2022"]
[Source "ChessBase"]
[SourceDate "2021.10.24"]
[SourceVersion "1"]
[SourceVersionDate "2021.10.24"]
[SourceQuality "1"]

1. g3 d5 2. Nf3 g6 3. Bg2 Bg7 4. d4 c6 5. Nbd2 Nf6 6. 0-0 0-0 7. c3 Nbd7 8. c4 Re8 9. a4 a5 10. cxd5 cxd5 11. Nb1 Nb6 12. Qb3 Be6 13. Bf4 Rc8 14. Na3 Nc4 15. Rfc1 Nh5 16. e3 Nxf4 17. gxf4 Nxa3 18. bxa3 Rxc1+ 19. Rxc1 Bc8 20. Bf1 e6 21. h4 Bf6 22. h5 gxh5 23. Bd3 Bd7 24. Qxb7 Bxa4 25. Kh2 Rf8 26. Qa7 Be7 27. Kh3 Be8 28. Rb1 h6 29. a4 Bd6 30. Rg1+ Kh8 31. Bb5 Qf6 32. Bxe8 Rxe8 33. Ne5 Qf5+ 34. Kh2 Bxe5 35. dxe5 Rg8 36. Rxg8+ Kxg8 37. Qxa5 Qc2 38. Qd8+ Kg7 39. Qf6+ Kg8 40. Qh4 Qxa4 41. Qd8+ Kg7 42. Qf6+ Kg8 43. Qd8+ Kg7 44. Qf6+ Kg8 45. Qxh6 Qc2 46. Qg5+ Kf8 47. Qd8+ Kg7 48. Qg5+ Qg6 49. Kg3 Qxg5+ 50. fxg5 Kg6 51. Kh4 Kf5 52. f4 Kg6 53. Kg3 1/2-1/2

[Event "CP-2018-P-00019"]
[Site "LSS email"]
[Date "2018.09.27"]
[Round "?"]
[White "Koepcke, Klaus Peter"]
[Black "Filar, Slawomir"]
[Result "0-1"]
[WhiteElo "1332"]
[BlackElo "2197"]
[PlyCount "40"]
[EventDate "2018.10.01"]
[EventType "tourn (corr)"]
[EventRounds "6"]
[EventCountry "GER"]
[SourceTitle "Corr 2022"]
[Source "ChessBase"]
[SourceDate "2021.10.24"]
[SourceVersion "1"]
[SourceVersionDate "2021.10.24"]
[SourceQuality "1"]

1. d4 Nf6 2. c4 e6 3. Nf3 d5 4. e3 c5 5. Nc3 Nc6 6. b3 cxd4 7. exd4 Bb4 8. Bb2 Qa5 9. Qc2 Ne4 10. Rc1 Qxa2 11. Nd2 Bxc3 12. Bxc3 Qxc2 13. Rxc2 Nxc3 14. Rxc3 Nxd4 15. Bd3 Bd7 16. 0-0 Rc8 17. Rfc1 Ke7 18. Bf1 dxc4 19. Nxc4 Rhd8 20. Ne5 Nxb3 0-1

[Event "SA-2018-0-00642"]
[Site "LSS email"]
[Date "2018.07.30"]
[Round "?"]
[White "Corti, Horacio"]
[Black "Filar, Slawomir"]
[Result "1/2-1/2"]
[WhiteElo "2302"]
[BlackElo "2197"]
[PlyCount "75"]
[EventDate "2018.07.09"]
[EventType "tourn (corr)"]
[EventRounds "6"]
[EventCountry "GER"]
[SourceTitle "Corr 2022"]
[Source "ChessBase"]
[SourceDate "2021.10.24"]
[SourceVersion "1"]
[SourceVersionDate "2021.10.24"]
[SourceQuality "1"]

1. Nf3 Nf6 2. c4 c5 3. Nc3 Nc6 4. g3 g6 5. d4 cxd4 6. Nxd4 Bg7 7. Bg2 0-0 8. 0-0 Nxd4 9. Qxd4 d6 10. Qd3 a6 11. Bf4 Bf5 12. e4 Be6 13. Rac1 Nd7 14. b3 Qa5 15. Bd2 Bxc3 16. Qxc3 Qxc3 17. Bxc3 Rab8 18. f4 f6 19. Rfe1 Nc5 20. Red1 Rfc8 21. Bd4 a5 22. Bf3 h5 23. e5 dxe5 24. fxe5 f5 25. Rb1 Kg7 26. Kf2 Ne4+ 27. Ke3 a4 28. Rb2 axb3 29. axb3 b5 30. cxb5 Rxb5 31. b4 Rcb8 32. Rdb1 Ra8 33. Bxe4 fxe4 34. Rc1 Bd5 35. Rc7 Ra3+ 36. Rc3 Rxc3+ 37. Bxc3 g5 38. h4 1/2-1/2

[Event "SA-2018-0-00642"]
[Site "LSS email"]
[Date "2018.07.29"]
[Round "?"]
[White "Filar, Slawomir"]
[Black "Cvak, Rudolf"]
[Result "1/2-1/2"]
[WhiteElo "2197"]
[BlackElo "2359"]
[PlyCount "34"]
[EventDate "2018.07.09"]
[EventType "tourn (corr)"]
[EventRounds "6"]
[EventCountry "GER"]
[SourceTitle "Corr 2022"]
[Source "ChessBase"]
[SourceDate "2021.10.24"]
[SourceVersion "1"]
[SourceVersionDate "2021.10.24"]
[SourceQuality "1"]

1. d4 Nf6 2. c4 e6 3. Nc3 Bb4 4. Qc2 d5 5. a3 Bxc3+ 6. Qxc3 0-0 7. Bg5 h6 8. Bxf6 Qxf6 9. Nf3 dxc4 10. Qxc4 Nc6 11. Qc3 Re8 12. Rd1 e5 13. d5 Nb8 14. g3 c6 15. Bg2 cxd5 16. Rxd5 Nc6 17. 0-0 Be6 1/2-1/2

[Event "Warsaw YMCA 97th Autumn-B"]
[Site "Warsaw"]
[Date "2011.10.26"]
[Round "6"]
[White "Filar, Slawomir"]
[Black "Jarmula, Lukasz"]
[Result "1/2-1/2"]
[WhiteElo "2038"]
[BlackElo "1940"]
[PlyCount "74"]
[EventDate "2011.09.21"]
[EventType "tourn"]
[EventRounds "11"]
[EventCountry "POL"]
[SourceTitle "EXT 2014"]
[Source "ChessBase"]
[SourceDate "2013.11.20"]
[SourceVersion "1"]
[SourceVersionDate "2013.11.20"]
[SourceQuality "1"]

1. c4 e5 2. g3 Nf6 3. Bg2 d5 4. cxd5 Nxd5 5. Nc3 Nb6 6. d3 Be7 7. Nf3 Nc6 8. 0-0 0-0 9. a3 Be6 10. b4 f6 11. Bb2 Qd7 12. Rc1 a5 13. b5 Nd4 14. Nxd4 exd4 15. Ne4 Bd5 16. a4 f5 17. Nc5 Bxc5 18. Rxc5 Bxg2 19. Kxg2 f4 20. Qc2 Rac8 21. Rc1 fxg3 22. hxg3 Kh8 23. Rh1 Rf6 24. e3 Rcf8 25. f4 Nd5 26. Bxd4 Nxf4+ 27. exf4 Qxd4 28. Qc4 Qe3 29. Qe4 Qd2+ 30. Kf3 h6 31. Rxc7 Rd8 32. Re7 Rxd3+ 33. Kg4 Rd8 34. Re8+ Rxe8 35. Qxe8+ Kh7 36. Qe4+ Kh8 37. Qe8+ Kh7 1/2-1/2

[Event "POL-chT 58th 2nd League"]
[Site "Wisla"]
[Date "2002.??.??"]
[Round "?"]
[White "Filar, Slawomir"]
[Black "Jurkiewicz, Krzysztof"]
[Result "0-1"]
[WhiteElo "2081"]
[BlackElo "2320"]
[PlyCount "40"]
[EventDate "2002.08.30"]
[EventType "team-swiss"]
[EventRounds "11"]
[EventCountry "POL"]
[SourceTitle "EXT 2019"]
[Source "ChessBase"]
[SourceDate "2018.10.10"]
[SourceVersion "1"]
[SourceVersionDate "2018.10.10"]
[SourceQuality "1"]

1. d4 Nf6 2. c4 g6 3. Nc3 Bg7 4. e4 d6 5. g3 c5 6. d5 b5 7. cxb5 0-0 8. Bg2 a6 9. bxa6 Bxa6 10. Nge2 Nbd7 11. Bf4 Qa5 12. Qd2 Rfb8 13. 0-0 Ra7 14. a3 Nh5 15. Rfe1 Bxe2 16. Rxe2 Rxb2 17. Qxb2 Nxf4 18. gxf4 Bxc3 19. Qb1 Bxa1 20. Qxa1 Qxa3 0-1

[Event "POL-chT 58th 2nd League"]
[Site "Wisla"]
[Date "2002.??.??"]
[Round "?"]
[White "Kowzan, Piotr"]
[Black "Filar, Slawomir"]
[Result "1-0"]
[WhiteElo "2240"]
[BlackElo "2081"]
[PlyCount "40"]
[EventDate "2002.08.30"]
[EventType "team-swiss"]
[EventRounds "11"]
[EventCountry "POL"]
[SourceTitle "EXT 2019"]
[Source "ChessBase"]
[SourceDate "2018.10.10"]
[SourceVersion "1"]
[SourceVersionDate "2018.10.10"]
[SourceQuality "1"]

1. d4 Nf6 2. c4 e6 3. Nc3 d5 4. e3 Be7 5. Nf3 0-0 6. Bd3 b6 7. cxd5 Nxd5 8. e4 Nxc3 9. bxc3 Bb7 10. 0-0 c5 11. Be3 Nd7 12. Rc1 Rc8 13. Bb1 cxd4 14. cxd4 Nf6 15. Nd2 Rxc1 16. Qxc1 Qd7 17. f3 Rc8 18. Qb2 Qc7 19. Nb3 Qc6 20. Qf2 Ba3 1-0